Un carmen en Granada : (Record no. 193041)
[ view plain ]
| 000 -LEADER | |
|---|---|
| campo de control de longitud fija | 01453nam a2200409 i 4500 |
| 001 - NÚMERO DE CONTROL | |
| campo de control | 193041 |
| 003 - IDENTIFICADOR DE NÚMERO DE CONTROL | |
| campo de control | ES-MaREB |
| 005 - FECHA Y HORA DE LA ÚLTIMA TRANSACCIÓN | |
| campo de control | 20240723063036.0 |
| 007 - CAMPO FIJO DE DESCRIPCIÓN FÍSICA--INFORMACIÓN GENERAL | |
| campo de control de longitud fija | ta |
| 008 - DATOS DE LONGITUD FIJA--INFORMACIÓN GENERAL | |
| campo de control de longitud fija | 230726s2023 sp a 000 0aspa c |
| 017 ## - NÚMERO DE COPYRIGHT O DE DEPÓSITO LEGAL | |
| Número de copyright o de depósito legal | B 1734-2023 |
| 020 ## - NÚMERO INTERNACIONAL ESTÁNDAR DEL LIBRO | |
| Número Internacional Estándar del Libro | 9788411072489 |
| 035 ## - NÚMERO DE CONTROL DEL SISTEMA | |
| Número de control de sistema | ES-VlRAB002076148 |
| 035 ## - NÚMERO DE CONTROL DEL SISTEMA | |
| Número de control de sistema | CCBIP01475262 |
| 040 ## - FUENTE DE CATALOGACIÓN | |
| Centro catalogador/agencia de origen | RABEL |
| Lengua de catalogación | spa |
| Centro/agencia transcriptor | ES-MaACL |
| 080 ## - NÚMERO DE LA CLASIFICACIÓN DECIMAL UNIVERSAL | |
| Número de la Clasificación Decimal Universal | 929 Gibson Ian |
| 100 1# - ENTRADA PRINCIPAL--NOMBRE DE PERSONA | |
| Nombre de persona | Gibson, Ian, |
| Fechas asociadas al nombre | 1939- |
| 9 (RLIN) | 56666 |
| Término indicativo de función/relación | Autor |
| 245 13 - MENCIÓN DEL TÍTULO | |
| Título | Un carmen en Granada : |
| Resto del título | memorias de un hispanista dublinés / |
| Mención de responsabilidad, etc. | Ian Gibson. |
| 250 ## - MENCION DE EDICION | |
| Mención de edición | 1ª ed. |
| 260 ## - PUBLICACIÓN, DISTRIBUCIÓN, ETC. | |
| Lugar de publicación, distribución, etc. | Barcelona : |
| Nombre del editor, distribuidor, etc. | Tusquets, |
| Fecha de publicación, distribución, etc. | 2023. |
| 300 ## - DESCRIPCIÓN FÍSICA | |
| Extensión | 327 p. ; |
| Dimensiones | 23 cm. |
| 336 ## - TIPO DE CONTENIDO | |
| Fuente | rdacontent |
| Término de tipo de contenido | Texto |
| 337 ## - TIPO DE MEDIO | |
| Fuente | rdamedia |
| Nombre/término del tipo de medio | sin mediación |
| 338 ## - TIPO DE SOPORTE | |
| Fuente | rdacarrier |
| Nombre/término del tipo de soporte | volumen |
| 490 1# - MENCIÓN DE SERIE | |
| Mención de serie | Tiempo de Memoria ; |
| Designación de volumen o secuencia | 150 |
| 500 ## - NOTA GENERAL | |
| Nota general | Catalogación provisional. Signatura: N 8846. Depósito J. |
| 586 8# - NOTA DE PREMIOS | |
| Nota de premios | XXXV Premio Comillas de Historia, Biografía y Memorias, 2022 |
| 600 14 - PUNTO DE ACCESO ADICIONAL DE MATERIA--NOMBRE DE PERSONA | |
| Nombre de persona | Gibson, Ian, |
| Fechas asociadas al nombre | 1939- |
| 9 (RLIN) | 56666 |
| 655 #7 - TERMINO DE INDIZACIÓN--GENERO/FORMA | |
| Datos o término principal de género/forma | Autobiografías |
| 9 (RLIN) | 226823 |
| 830 ## - PUNTO DE ACCESO ADICIONAL DE SERIE-TÍTULO UNIFORME | |
| 9 (RLIN) | 180241 |
| Título uniforme | Tiempo de memoria ; |
| Designación de volumen o secuencia | 150 |
| 852 ## - LOCALIZACIÓN | |
| Ubicación | ES-MaACL |
| Ubicación en estantería | Depósito J |
| Número de control de estantería | N-8846 |
| Anotaciones manuscritas | Firmado y dedicado por el autor |
| Donativo/Legado | Donación: ¿autor? |
| Encuadernación | Rústica con solapas |
| Nota libre | En proceso |
| itemnumber | 200346 |
| 942 ## - ELEMENTOS DE ENTRADA SECUNDARIOS (KOHA) | |
| Suprimir en OPAC | No |
| Tipo de ítem Koha | Libro impreso |
| Estatus retirado | Estado de pérdida | Fuente del sistema de clasificación o colocación | Estado de daño | No para préstamo | Colección | Biblioteca de origen | Biblioteca actual | Ubicación en estantería | Fecha de adquisición | Fuente de adquisición | Número de control de estantería | Total de préstamos | Signatura topográfica completa | Código de barras | Visto por última vez | Precio de reemplazo | Tipo de ítem Koha | Nota pública |
|---|---|---|---|---|---|---|---|---|---|---|---|---|---|---|---|---|---|---|
| Clasificación decimal universal | Libros con dedicatorias | Biblioteca del Ateneo de Madrid | Biblioteca del Ateneo de Madrid | Depósito J | 21/04/2023 | Compra | Ateneísta | N-8846 | 101205639 | 26/07/2023 | 26/07/2023 | Libro impreso | Dedicatoria autógrafa del autor |
